| 000 | 00470ntaaa2200169 4500 | ||
|---|---|---|---|
| 003 | 01 | ||
| 005 | 20251027201912.0 | ||
| 008 | 0714s1973 ag 01 | ||
| 040 |
_aAR-BaBN _bspa _cAR-BaBN _eaacr _dRIC |
||
| 082 | _a244.1000 R48 | ||
| 100 |
_aRiquet, Michel _917576 |
||
| 245 | _aBiblia contada a todos; el pueblo de Dios. Vida de nuestro Señor Jesucristo. | ||
| 250 |
_a1 ed. : _bEditorial Timun, _cc/960 |
||
| 300 | _a96 p., lám. | ||
| 650 |
_aBiblia _9468 |
||
| 942 | _cBK | ||
| 999 |
_c13741 _d13741 |
||